বরিশালের যোগেন মণ্ডল : (Record no. 83206)
[ view plain ]
| 000 -LEADER | |
|---|---|
| fixed length control field | 00853nam a2200241 a 4500 |
| 001 - CONTROL NUMBER | |
| control field | 83206 |
| 003 - CONTROL NUMBER IDENTIFIER | |
| rucl marc code | BD-RjUL |
| 005 - DATE AND TIME OF LATEST TRANSACTION | |
| control field | 20240303152003.0 |
| 008 - FIXED-LENGTH DATA ELEMENTS--GENERAL INFORMATION | |
| fixed length control field | 240303s2017 ii ||||| |||| 00| 0 ben d |
| 020 ## - INTERNATIONAL STANDARD BOOK NUMBER | |
| International Standard Book Number | 9788129510730 |
| 035 ## - SYSTEM CONTROL NUMBER | |
| System control number | (BD-RjUL)83206 |
| 040 ## - CATALOGING SOURCE | |
| Original cataloging agency | BD-RjUL |
| Language of cataloging | eng |
| Transcribing agency | BD-RjUL |
| 041 ## - LANGUAGE CODE | |
| Language code of text/sound track or separate title | ben |
| 082 ## - DEWEY DECIMAL CLASSIFICATION NUMBER | |
| Edition number | 23 |
| Classification number | 891.443 |
| Author mark and year | RAB 2017 |
| 100 ## - MAIN ENTRY--PERSONAL NAME | |
| Personal name | রায়, দেবেশ |
| 9 (RLIN) | 11972 |
| 245 ## - TITLE STATEMENT | |
| Title | বরিশালের যোগেন মণ্ডল : |
| Remainder of title | উপন্যাস / |
| Statement of responsibility, etc. | দেবেশ রায় |
| 250 ## - EDITION STATEMENT | |
| Edition statement | ২য় সং. |
| 260 ## - PUBLICATION, DISTRIBUTION, ETC. (IMPRINT) | |
| Place of publication, distribution, etc. | কলকাতা : |
| Name of publisher, distributor, etc. | দে'জ পাবলিশিং, |
| Date of publication, distribution, etc. | 2017 |
| 300 ## - PHYSICAL DESCRIPTION | |
| Pagination | ১০৫৯ পৃ.; |
| Size | ২৪ সেমি. |
| 650 ## - SUBJECT ADDED ENTRY--TOPICAL TERM | |
| Topical term or geographic name as entry element | বাংলা সাহিত্য |
| Form subdivision | উপন্যাস |
| 9 (RLIN) | 12029 |
| Topical term or geographic name as entry element | Bengali Literature |
| Form subdivision | Novels |
| 9 (RLIN) | 12030 |
| 942 ## - ADDED ENTRY ELEMENTS (KOHA) | |
| Source of classification or shelving scheme | Dewey Decimal Classification |
| Koha item type | Books |
| Lost status | Source of classification or shelving scheme | Damaged status | Not for loan | Collection code | Permanent Location | Current Location | Shelving location | Date acquired | Source of acquisition | Cost, normal purchase price | Full call number | Date last seen | Copy number | Koha item type | Total Checkouts |
|---|---|---|---|---|---|---|---|---|---|---|---|---|---|---|---|
| Dewey Decimal Classification | Not For Loan | Fiction | Central Library, University of Rajshahi | Central Library, University of Rajshahi | Reading Room | 27/02/2024 | Dhaka : Book Finder | 1475.00 | B 891.443 RAB 2017 | 03/03/2024 | C-1 | Books | |||
| Dewey Decimal Classification | Fiction | Central Library, University of Rajshahi | Central Library, University of Rajshahi | General Stacks | 27/02/2024 | Dhaka : Book Finder | 1475.00 | B 891.443 RAB 2017 | 03/03/2024 | C-2 | Books | ||||
| Dewey Decimal Classification | Fiction | Central Library, University of Rajshahi | Central Library, University of Rajshahi | General Stacks | 27/02/2024 | Dhaka : Book Finder | 1475.00 | B 891.443 RAB 2017 | 03/03/2024 | C-3 | Books | ||||
| Dewey Decimal Classification | Fiction | Central Library, University of Rajshahi | Central Library, University of Rajshahi | General Stacks | 27/02/2024 | Dhaka : Book Finder | 1475.00 | B 891.443 RAB 2017 | 03/03/2024 | C-4 | Books |